Stories

保存先:
書誌詳細
第一著者: Poe, Edgar Allan
フォーマット: 図書
言語:English
出版事項: Oregón, Estados Unidos Prentice-Hall International 1973
主題:
タグ: タグ追加
タグなし, このレコードへの初めてのタグを付けませんか!

MARC

LEADER 00000nam a2200000Ia 4500
008 170316s9999 xx 000 0 eng d
999 |c 21444  |d 21444 
040 |a cru BVZT 
090 |a 810 P-15st 
100 |a Poe, Edgar Allan 
245 |a Stories 
260 |a Oregón, Estados Unidos 
260 |b Prentice-Hall International 
260 |c 1973 
300 |a 116 páginas 
650 |a LITERATURA ESTADOUNIDENSE  |9 25 
650 |a EDGAR ALLAN POE 
650 |a STORIES - EDGAR ALLAN POE 
942 |c LIB  |h 810 P-15st  |2 z